000 00561nam a2200181Ia 4500
001 19849
005 20260306172723.0
008 260306t2006||||xx |||||||||||||| ||spa||
041 _aESP
082 _a341.2
_bL87
100 _aLópez Medina, Diego Eduardo
_eAUT
245 0 _aEl derecho de los jueces:
_bobligatoriedad del precedente constitucional, análisis de sentencias y líneas jurisprudenciales y teoría del derecho judicial
260 _c2006
300 _a366 páginas :
_c24 cm.
650 _aGEN
654 _aCDE
942 _cLIB
_dJUS
_fJUS
_2ddc
_n
999 _c19849
_d19849